01097 a2200241 4500010001400000020002300014035001300037037001500050082001000065090001500075111015500090245025100245260003900496270005100535300002800586700001900614700002000633700001500653700001700668942002500685999001500710952013000725 aENG-88517 a8184241259c920.00 aEN-72050 bDBAD / PUB14a553.2 c8757d8757 1aNational Conference on Frontier areas in Geological and Technological Aspects of Fossil Fuel and Mineral ResourcescDhanbad, IndiadNovember 2-4, 2006 1aProceedings of the National Conference on frontier areas in geological and technological aspects of fossil fuel and mineral resources (GTFM - 2006), Nov. 2-4, 2006 organized by Indian School of Mines, Dhanbad/cedited by Atul K. Varma ... [et al] aNew DelhibAllied Publishersc2006 aA-104, Mayapuri, Phase-II,bNew Dehlie110 064 axii, 344p.c25cm (Hb ) aVarma, Atul K. aVenkatesh, A.S. aDhar, Y.R. aSaxena, V.K. adplcENk553.2 / NAT c8599d8599 00102ddc40718NFICaDBADbDBADeDBAD/PUBg920.00l0o553.2pEN-72050r2008-09-15 00:00:00t1u9539v920.00w2008-09-15yEN